000 00302nam a2200121Ia 4500
008 220216s9999 xx 000 0 und d
100 _aVijayagopalan K
245 0 _aFactice from rubber seed oil
260 _bRubber Board Bulletin
_c1971
300 _a48-51
650 _aRubber seed oil
942 _cJS
999 _c59221
_d59221